| 000 | 00703nam a22002411c 4500 | ||
|---|---|---|---|
| 001 | a987694156 | ||
| 003 | RU-10907106 | ||
| 005 | 20210624112015.0 | ||
| 008 | 200617s1951 gw a||| 000u eng d | ||
| 040 |
_cRU-10907106 _aRU-10907106 _bger |
||
| 041 | _aeng | ||
| 100 | 1 | _aJasny, Naum | |
| 245 | 0 | 4 |
_aThe Soviet price system / _cby Naum Jasny |
| 264 |
_aStanford, Calif. : _bStanford University Press, _c1951 |
||
| 300 | _aIX, 179 Seiten : Illusrationen | ||
| 650 | 0 | _aPreissystem | |
| 650 | 0 | _aPreispolitik | |
| 650 | 0 | _aPlanwirtschaft | |
| 651 | 0 | _aSowjetunion | |
| 710 | 2 | _aFood Research Institute, Stanford Univ. | |
| 942 |
_cMG _2z |
||
| 999 |
_c31001 _d31001 |
||
| 490 | 0 |
_aMiscellaneous Publication _v11B, Nov. 1951 |
|